Statistiche per Allenatori più vincenti della storia dell'Inter

Clicka qui per fare il quiz!

Statistiche generali

  • Questo quiz è stato fatto 52 volte
  • Il punteggio medio è 5 su 9

Statistiche sulle risposte

NazionePeriodoTotale trofeiTrofei vintiAllenatore% Corretto
Portogallo2008-201052 Campionati italiani; 1 Coppa Italia; 1 Supercoppa Italiana; 1 UEFA Champions LeagueJosé Mourinho
95%
Italia2021-42 Coppe Italia; 2 Supercoppe ItalianeSimone Inzaghi
95%
Italia2004-2008; 2014-201673 Campionati italiani; 2 Coppe Italia; 2 Supercoppe ItalianeRoberto Mancini
91%
Spagna201021 Supercoppa; 1 Coppa del Mondo per club FIFARafael Benítez
80%
Italia1986-199131 Campionato italiano; 1 Supercoppa Italiana; 1 Coppa UEFAGiovanni Trapattoni
70%
Argentina / Francia1960-1968; 1973-197473 Campionati italiani; 2 Coppe dei Campioni; 2 Coppe IntercontinentaliHelenio Herrera
68%
Italia1952-1955; 1968-196922 Campionati italianiAlfredo Foni
20%
Italia1977-198231 Campionato italiano; 2 Coppe ItaliaEugenio Bersellini
20%
Austria1938-194021 Campionato italiano; 1 Coppa ItaliaTony Cargnelli
5%

Distribuzione punteggi

Percentile per numero di risposta

Percentuale di utenti per punteggio

I tuoi punteggi nel tempo

Non hai fatto questo quiz